The Accidental Scholar (Record no. 94000)

MARC details
000 -LEADER
fixed length control field 00542nam a2200217Ia 4500
005 - DATE AND TIME OF LATEST TRANSACTION
control field 20230420173813.0
008 - FIXED-LENGTH DATA ELEMENTS--GENERAL INFORMATION
fixed length control field 230125s9999 xx 000 0 und d
020 ## - INTERNATIONAL STANDARD BOOK NUMBER
International Standard Book Number 978-93-515-0039
041 ## - LANGUAGE CODE
Language code of text/sound track or separate title eng
082 ## - DEWEY DECIMAL CLASSIFICATION NUMBER
Classification number 920.71
Item number SHE
100 ## - MAIN ENTRY--PERSONAL NAME
Author Sheth J N
245 ## - TITLE STATEMENT
Title The Accidental Scholar
260 ## - PUBLICATION, DISTRIBUTION, ETC.
Date of publication, distribution, etc. 2014
Name of publisher, distributor, etc. Sage publication
Place of publication, distribution, etc. New Delhi
300 ## - PHYSICAL DESCRIPTION
Extent 240p
500 ## - GENERAL NOTE
Keywords Biography;Biography-Men
650 ## - SUBJECT ADDED ENTRY--TOPICAL TERM
Topical term or geographic name entry element Biography;Biography-Men
700 ## - ADDED ENTRY--PERSONAL NAME
Personal name Sheth J N
942 ## - ADDED ENTRY ELEMENTS (KOHA)
Koha item type Books
906 ## - LOCAL DATA ELEMENT F, LDF (RLIN)
b 173.75
Holdings
Withdrawn status Lost status Damaged status Not for loan Home library Current library Date acquired Vendor Net Price Bill number Total Checkouts Full call number Barcode Date last seen Actual Price Bill Date Koha item type Original Barcode
        Smt. Hiraben Nanavati Institute of Management & Research for Women Smt. Hiraben Nanavati Institute of Management & Research for Women 04/03/2016 Pritam Book Centre 695.00 9829   920.71 SHE B14070 HIMR-BK-14070 25/01/2023 521.25 04/03/2016 Books B14070